000 00319nam a22001457a 4500
008 210322b ||||| |||| 00| 0 eng d
020 _a0443018421
041 _aeng
080 _22nd
_a618
082 _a618
100 _a10
101 _aGJIN
245 _aGynaecology Illustrated
_cGarrey, M. M
942 _2udc
_cBK
999 _c56659
_d56659